Discographie de Gojira - Statistiques

Statistiques générales
  • Ce quiz a été pris 152 fois
    138 depuis la dernière actualisation
  • Le résultat moyen est 38 sur 85
Statistiques - réponses
Album Chanson % Correct
L'Enfant sauvage L'Enfant sauvage
95%
Magma Magma
95%
From Mars to Sirius Flying Whales
89%
From Mars to Sirius To Sirius
88%
Fortitude Amazonia
86%
Fortitude Fortitude
86%
From Mars to Sirius From Mars
86%
Magma Silvera
84%
Magma Stranded
84%
The Way of All Flesh The Way of All Flesh
79%
Singles Mea culpa (Ah ! ça ira)
77%
The Link The Link
77%
Fortitude Born for One Thing
72%
The Way of All Flesh Oroborus
72%
The Way of All Flesh The Art of Dying
72%
Fortitude The Chant
72%
Fortitude Another World
65%
L'Enfant sauvage Born in Winter
65%
L'Enfant sauvage The Gift of Guilt
63%
L'Enfant sauvage The Axe
61%
From Mars to Sirius Backbone
60%
Magma The Cell
60%
The Way of All Flesh Toxic Garbage Island
60%
L'Enfant sauvage Explosia
58%
Magma Only Pain
58%
Fortitude Sphinx
58%
From Mars to Sirius Global Warming
56%
From Mars to Sirius The Heaviest Matter of the Universe
56%
From Mars to Sirius Ocean Planet
54%
The Way of All Flesh Vacuity
53%
From Mars to Sirius From the Sky
51%
Terra Incognita Love
51%
Singles Our Time Is Now
51%
Magma The Shooting Star
51%
From Mars to Sirius Unicorn
49%
Terra Incognita Clone
47%
Fortitude Grind
47%
Fortitude Hold On
44%
Fortitude New Found
44%
Fortitude The Trails
44%
Fortitude Into the Storm
42%
L'Enfant sauvage Mouth of Kala
40%
Terra Incognita Satan Is a Lawyer
40%
From Mars to Sirius Where Dragons Dwell
40%
The Way of All Flesh Esoteric Surgery
39%
Magma Yellow Stone
39%
L'Enfant sauvage Liquid Fire
37%
The Link Indians
35%
Magma Low Lands
35%
Magma Pray
35%
From Mars to Sirius In the Wilderness
33%
The Link Wisdom Comes
32%
The Way of All Flesh Adoration for None
30%
Magma Liberation
30%
The Link Remembrance
30%
L'Enfant sauvage The Fall
30%
L'Enfant sauvage The Wild Healer
30%
Terra Incognita 04
28%
Terra Incognita In the Forest
28%
Terra Incognita Lizard Skin
28%
Terra Incognita Space Time
26%
The Way of All Flesh Wolf Down the Earth
26%
From Mars to Sirius World to Come
26%
The Way of All Flesh A Sight to Behold
25%
The Way of All Flesh The Silver Cord
25%
The Link Torii
25%
L'Enfant sauvage Pain Is a Master
23%
Terra Incognita 1990 quadrillions de tonnes
21%
The Link Connected
21%
L'Enfant sauvage Planned Obsolescence
21%
The Way of All Flesh All the Tears
19%
Terra Incognita Fire Is Everything
19%
L'Enfant sauvage This Emptiness
19%
Terra Incognita Blow Me Away You (Niverse)
18%
Terra Incognita Deliverance
18%
Terra Incognita On the B.O.T.A.
18%
Terra Incognita Rise
18%
The Way of All Flesh Yama's Messengers
18%
The Link Dawn
16%
The Link Inward Movement
16%
L'Enfant sauvage My Last Creation
16%
Terra Incognita 5988 trillions de tonnes
14%
The Link Embrace the World
14%
The Link Over the Flows
14%
The Link Death to Me
7%
Aucun quiz correspondant
Distribution des résultats
% des personnes avec chaque résultat
Percentile par nombre de réponses
Votre historique - résultats
Vous n’avez pas pris ce quiz depuis la dernière actualisation